Statystyki dla Wszyscy skoczkowie narciarscy na podium konkursów PŚ

Kliknij tutaj aby rozwiązać quiz!

Ogólne statystyki

  • Ten quiz został rozwiązany 42 razy
    (10 od ostatniego zresetowania)
  • Średni wynik to 134 z 286

Statystyki odpowiedzi

Narodowość1 miejsca2 miejsca3 miejscaPierwsze podiumOstatnie podiumZawodnik% Poprawnych
Polska39272618.02.199620.03.2011Adam Małysz
100%
Polska--23.03.202424.03.2024Aleksander Zniszczoł
100%
Polska1191830.12.201716.03.2023Dawid Kubacki
100%
Norwegia2513329.11.202019.03.2023Halvor Egner Granerud
100%
Finlandia36442819.12.19936.01.2010Janne Ahonen
100%
Japonia1--19.11.2017-Junshiro Kobayashi
100%
Polska39221923.01.201111.12.2021Kamil Stoch
100%
Polska21-11.12.201616.02.2017Maciej Kot
100%
Polska271417.03.20131.04.2023Piotr Żyła
100%
Japonia32211218.11.201812.03.2024Ryoyu Kobayashi
100%
Szwajcaria23312616.12.200113.01.2018Simon Ammann
100%
Austria4335406.01.201317.03.2024Stefan Kraft
100%
Finlandia-2-21.01.198422.01.1984Veli-Matti Ahonen
100%
Norwegia7131417.03.200710.03.2015Anders Bardal
83%
Niemcy719139.12.20121.03.2024Andreas Wellinger
83%
Polska-1-13.02.2021-Andrzej Stękała
83%
Słowenia617824.11.201921.01.2024Anze Lanisek
83%
Słowenia--130.01.2022-Cene Prevc
83%
Japonia4676.01.200528.11.2014Daiki Ito
83%
Norwegia812722.11.20155.02.2023Daniel-Andre Tande
83%
Austria33215.12.201824.03.2024Daniel Huber
83%
Austria-1411.02.202313.03.2024Daniel Tschofenig
83%
Niemcy12141012.12.198723.01.1999Dieter Thoma
83%
Słowenia65319.12.201524.03.2024Domen Prevc
83%
Rosja1114.01.20173.02.2019Evgeniy Klimov
83%
Szwajcaria-1110.12.20234.02.2024Gregor Deschwanden
83%
Austria5320153.12.200613.12.2014Gregor Schlierenzauer
83%
Finlandia
3221.01.200910.01.2010Harri Olli
83%
NRD1--8.01.1983-Holger Freitag
83%
Czechy67711.01.20035.03.2006Jakub Janda
83%
Finlandia3225.03.200616.03.2008Janne Happonen
83%
Polska1-121.12.201322.12.2013Jan Ziobro
83%
Norwegia56715.02.201522.03.2024Johann Andre Forfang
83%
Słowenia2143.02.20135.02.2017Jurij Tepes
83%
Niemcy15131121.02.201610.12.2023Karl Geiger
83%
Japonia15121110.12.19945.02.2005Kazuyoshi Funaki
83%
Polska1--24.11.2013-Krzysztof Biegun
83%
Norwegia851015.12.201910.02.2024Marius Lindvik
83%
Niemcy3121311.12.201622.01.2023Markus Eisenbichler
83%
Niemcy28141028.11.199816.01.2009Martin Schmitt
83%
Finlandia462287.03.19819.12.1989Matti Nykanen
83%
Jugosławia-6223.02.19859.02.1990Miran Tepes
83%
Japonia--15.02.1995-Naoto Ito
83%
Japonia17133329.02.199226.03.2017Noriaki Kasai
83%
Słowenia24231522.02.201322.03.2024Peter Prevc
83%
Niemcy81233.12.20113.02.2018Richard Freitag
83%
Norwegia3494.01.20175.03.2022Robert Johansson
83%
Słowenia76141.03.200220.02.2016Robert Kranjec
83%
Włochy63829.01.198928.11.1999Roberto Cecon
83%
Niemcy22151615.01.201126.11.2016Severin Freund
83%
Niemcy1812104.01.199823.03.2003Sven Hannawald
83%
Słowenia43627.01.201917.03.2024Timi Zajc
83%
Norwegia1010824.11.20061.01.2015Anders Jacobsen
67%
Włochy--128.01.2007-Andrea Morassi
67%
Austria25151113.02.198129.03.1992Andreas Felder
67%
Austria2025184.01.19921.01.2003Andreas Goldberger
67%
Austria12131115.12.200217.12.2016Andreas Kofler
67%
Austria18171417.02.199610.03.2005Andreas Widholzl
67%
Finlandia--24.01.19861.12.1990Anssi Nieminen
67%
Austria13121212.01.198013.03.1983Armin Kogler
67%
Finlandia1--24.11.2006-Arttu Lappi
67%
Norwegia8686.01.200320.12.2009Bjorn Einar Romoren
67%
Słowenia-126.02.202126.03.2021Bor Pavlovcić
67%
Austria15182116.02.198111.03.1992Ernst Vettori
67%
Norwegia8947.03.19931.12.1996Espen Bredesen
67%
Austria--114.02.1981-Fritz Koch
67%
Austria88727.12.197928.03.1982Hubert Neuper
67%
Austria32622.12.201913.03.2024Jan Horl
67%
Finlandia4681.01.199528.01.2001Jani Soininen
67%
Czechy21119.01.20133.02.2013Jan Matura
67%
Czechy4433.01.19939.03.1996Jaroslav Sakala
67%
NRD/Niemcy3319211.01.198313.03.1996Jens Weissflog
67%
Słowenia22410.02.200726.11.2017Jernej Damjan
67%
Norwegia--112.12.2015-Joachim Hauer
67%
Finlandia--127.01.2001-Jussi Hautamaki
67%
Norwegia1535.12.201512.03.2016Kenneth Gangnes
67%
Szwajcaria-1-8.12.2019-Killian Peier
67%
Norwegia-123.02.20249.03.2024Kristoffer Eriksen Sundal
67%
Norwegia11211.03.20054.01.2006Lars Bystol
67%
Słowenia2111.01.20221.03.2024Lovro Kos
67%
Austria-1429.12.201014.03.2022Manuel Fettner
67%
Austria86156.01.19929.01.2005Martin Hollwarth
67%
Austria571116.12.200118.03.2012Martin Koch
67%
Japonia9392.12.199529.12.2000Masahiko Harada
67%
Finlandia16101227.11.199929.12.2010Matti Hautamaki
67%
Austria571116.01.20143.01.2024Michael Haybock
67%
Japonia--127.11.2022-Naoki Nakamura
67%
Niemcy-1-11.02.2024-Philipp Raimund
67%
Polska3166.01.198015.03.1987Piotr Fijas
67%
Słowenia1510727.01.19961.01.2003Primoz Peterka
67%
Norwegia1115610.12.199520.01.2007Roar Ljokelsoy
67%
Czechy5249.01.20114.03.2016Roman Koudelka
67%
Norwegia-249.01.201322.03.2015Rune Velta
67%
Norwegia6417.12.200212.01.2008Sigurd Pettersen
67%
Polska12126.01.19802.03.1980Stanisław Bobak
67%
Niemcy13218.11.201825.11.2023Stephan Leyhe
67%
Polska--123.02.1985-Tadeusz Fijas
67%
Japonia59911.03.199310.03.2009Takanobu Okabe
67%
Japonia-224.01.201221.02.2016Taku Takeuchi
67%
Austria23302311.01.20036.01.2014Thomas Morgenstern
67%
Norwegia3571.12.200719.01.2013Tom Hilde
67%
Norwegia-1416.01.199928.02.2004Tommy Ingebrigtsen
67%
Finlandia9121.12.19911.02.1995Toni Nieminen
67%
Finlandia22228.11.19993.02.2001Ville Kantee
67%
Austria49720.01.200117.12.2010Wolfgang Loitzl
67%
Japonia2-120.12.19921.03.1998Akira Higashi
50%
Japonia1--24.01.1987-Akira Sato
50%
Niemcy-1110.03.200427.11.2004Alexander Herr
50%
Norwegia46225.11.20126.01.2018Anders Fannemel
50%
Szwajcaria54611.01.20047.03.2008Andreas Kuttel
50%
Norwegia14316.02.201314.03.2019Andreas Stjernen
50%
Niemcy-1116.01.201020.01.2013Andreas Wank
50%
Słowenia1--28.01.2018-Anze Semenić
50%
Finlandia9141911.01.198729.12.1997Ari-Pekka Nikkola
50%
Austria11-23.01.200325.01.2003Christian Nagiller
50%
Niemcy--122.02.2020-Constantin Schmid
50%
Rosja-361.01.20011.12.2012Dimitriy Vassiliev
50%
Francja--16.12.2009-Emmanuel Chedal
50%
Austria1524.01.20039.03.2003Florian Liegl
50%
Japonia1--14.12.2008-Fumihisa Yumoto
50%
Niemcy-131.01.20041.01.2005Georg Spath
50%
Japonia1453.01.199923.03.2003Hideharu Miyahira
50%
Japonia241017.12.199523.01.2000Hiroya Saito
50%
Kanada131061.01.198111.01.1984Horst Bulau
50%
Norwegia14-6.01.198520.03.1987Hroar Stjernen
50%
Słowenia1--13.02.2013-Jaka Hvala
50%
Szwecja5244.03.19889.12.1989Jan Boklov
50%
Polska--124.03.1984-Janusz Malik
50%
Norwegia12314.12.200813.02.2011Johan Remen Evensen
50%
Japonia--120.01.2001-Kazuya Yoshioka
50%
Czechy--14.03.2012-Lukas Hlava
50%
Austria1-121.01.198422.01.1984Manfred Steiner
50%
Niemcy-1-29.11.2013-Marinus Kraus
50%
Jugosławia-1-15.03.1987-Matjaz Zupan
50%
Niemcy--16.12.2003-Maximilian Mechler
50%
Niemcy-121.01.200827.01.2013Michael Neumayer
50%
Niemcy2572.12.200023.01.2011Michael Uhrmann
50%
Francja11-22.01.199512.03.1997Nicolas Dessum
50%
Niemcy-1-28.11.2009-Pascal Bodmer
50%
Rosja-1-1.01.2011-Pavel Karelin
50%
Czechosłowacja10989.01.198311.01.1990Pavel Ploc
50%
Słowenia11-4.01.20046.01.2004Peter Zonta
50%
Austria-1130.11.20197.12.2019Philipp Aschenwald
50%
Niemcy11125.11.202317.12.2023Pius Paschke
50%
Austria23230.12.19946.03.1999Reinhard Schwarzenberger
50%
Finlandia26828.11.19996.02.2005Risto Jussilainen
50%
Norwegia93427.02.19808.01.1985Roger Ruud
50%
Słowenia1--20.01.2007-Rok Urbanc
50%
Austria2851.01.199124.01.2002Stefan Horngacher
50%
Niemcy1-11.12.200115.12.2001Stephan Hocke
50%
Kanada1-29.03.198015.12.1985Steve Collins
50%
Finlandia11115.03.200328.01.2006Tami Kiuru
50%
Austria2-129.12.20136.01.2014Thomas Diethart
50%
Austria2-127.12.19792.03.1980Toni Innauer
50%
Norwegia72810.12.198311.12.1988Vegard Opaas
50%
Finlandia1226.12.20085.12.2010Ville Larinto
50%
Japonia21120.01.201927.03.2022Yukiya Sato
50%
Słowenia13-10.03.202018.02.2023Ziga Jelar
50%
Finlandia1--4.01.2014-Anssi Koivuranta
33%
Szwajcaria-1116.03.199715.03.1998Bruno Reuteler
33%
Niemcy12230.12.199219.03.1999Christof Duffner
33%
Norwegia-1-20.01.1996-Eirik Halvorsen
33%
Norwegia22220.01.19884.12.1988Erik Johnsen
33%
Jugosławia/Słowenia12211.02.199023.01.1993Franci Petek
33%
Austria2318.12.19853.03.1990Franz Neulandtner
33%
Francja--122.12.1985-Frederic Berger
33%
Austria2653.12.19895.12.1992Heinz Kuttin
33%
Słowenia--19.03.2001-Igor Medved
33%
Czechy-1129.01.19957.02.1999Jakub Suchacek
33%
Finlandia--128.02.1996-Janne Vaatainen
33%
Finlandia51131.01.19801.03.1986Jari Puikkonen
33%
Japonia-3117.12.199313.01.1996Jinya Nishikata
33%
Czechy/Czechosłowacja341018.12.198322.01.1994Jiri Parma
33%
Norwegia-115.03.198926.03.1989Kent Johanssen
33%
Norwegia22430.11.19968.03.1998Kristian Brenden
33%
Norwegia-366.12.19924.03.2000Lasse Ottesen
33%
Finlandia54211.12.19948.12.1997Mika Laitinen
33%
Norwegia--113.03.1991-Oyvind Berg
33%
Finlandia-2525.01.19818.12.1984Pentti Kokkonen
33%
Jugosławia97721.03.198025.03.1990Primoz Ulaga
33%
Norwegia1116.01.198621.02.1986Rolf Age Berg
33%
Szwajcaria44418.02.199013.12.1992Stefan Zund
33%
Norwegia-1-18.01.1997-Sturle Holseter
33%
Szwajcaria-1-19.12.1993-Sylvain Freiholz
33%
Norwegia--123.02.1985-Trond Joran Pedersen
33%
Słowenia-1-5.12.1992-Urban Franc
33%
Finlandia-233.03.20014.01.2004Veli-Matti Lindstrom
33%
Austria65114.12.199120.12.1992Werner Rathmayr
33%
Austria-1-19.12.1987-Werner Schuster
33%
Austria--16.03.1984-Adolf Hirner
17%
Austria--527.12.19797.03.1982Alfred Groyer
17%
Austria21-10.02.198014.02.1981Alois Lipburger
17%
Austria--111.02.1990-Andi Rauschmeier
17%
Niemcy1141.01.19823.01.1988Andreas Bauer
17%
Niemcy2112.12.199023.03.1991Andre Kiesewetter
17%
NRD--121.03.1981-Axel Zitzmann
17%
Francja-1-19.01.1980-Bernard Moullier
17%
Norwegia--220.12.199219.12.1993Bjorn Myrbakken
17%
Jugosławia-1112.01.198013.01.1980Bogdan Norcić
17%
Austria-1-5.03.1994-Christian Moser
17%
Norwegia--117.12.1988-Clas Brede Brathen
17%
Norwegia1--22.03.1981-Dag Holmen Jensen
17%
Francja-244.03.198714.03.1993Didier Mollard
17%
Czechosłowacja4-31.01.199014.12.1991Frantisek Jez
17%
Austria-1-10.03.1985-Franz Wiegele
17%
Szwajcaria--110.03.1985-Gerard Balanche
17%
Niemcy1--26.03.1994-Gerd Siegmund
17%
Austria--120.03.1988-Gunther Stranner
17%
Norwegia-1-6.01.1982-Halvor Asphol
17%
Norwegia-1-8.01.1985-Halvor Persson
17%
Niemcy-1-6.01.1998-Hansjorg Jakle
17%
Szwajcaria1224.01.19801.01.1984Hansjorg Sumi
17%
Austria11121.03.198025.03.1980Hans Millonig
17%
Austria13-9.02.198018.02.1983Hans Wallner
17%
Finlandia-1-1.03.1987-Heikki Ylipuli
17%
NRD-114.01.19806.01.1980Henry Glass
17%
Japonia11112.01.198024.03.1980Hirokazu Yagi
17%
Japonia--124.01.1987-Hiroo Shima
17%
NRD--119.01.1986-Ingo Lesser
17%
NRD--121.01.1989-Ingo Zuchner
17%
Włochy1--7.03.1993-Ivan Lunardi
17%
Norwegia-3126.01.198028.02.1981Ivar Mobekk
17%
Czechosłowacja--12.03.1980-Jan Tanczos
17%
USA12319.03.19826.03.1984Jeff Hastings
17%
USA-1-2.12.1991-Jim Holland
17%
Czechosłowacja--118.03.1988-Jiri Malec
17%
NRD1--30.12.1979-Jochen Danneberg
17%
Norwegia1441.01.198020.03.1982Johan Saetre
17%
USA1-113.02.198122.02.1981John Broman
17%
Norwegia-1-26.02.1981-Jon Eilert Bogseth
17%
Norwegia11114.01.19895.03.1989Jon Inge Kjorum
17%
Niemcy-1229.01.198915.12.1990Josef Heumann
17%
Czechosłowacja-1-27.01.1982-Josef Samek
17%
Finlandia1118.03.198011.03.1980Jouko Tormanen
17%
Finlandia-116.12.19861.01.1987Jukka Kalso
17%
Japonia-1-9.03.1994-Kenji Suda
17%
Finlandia1-118.02.199628.02.1996Kimmo Savolainen
17%
NRD23431.01.19826.01.1985Klaus Ostwald
17%
Czechosłowacja-339.02.198512.01.1990Ladislav Dluhos
17%
NRD12-30.12.19813.01.1982Manfred Deckert
17%
Finlandia-118.01.19839.01.1983Markku Pusenius
17%
Czechosłowacja1-121.12.198619.12.1987Martin Svagerko
17%
NRD1--6.01.1980-Martin Weber
17%
Japonia4-413.01.19805.03.1985Masahiro Akimoto
17%
Włochy-3223.01.198228.03.1982Massimo Rigoni
17%
Austria-1-21.12.2002-Mathias Hafele
17%
NRD--117.01.1982-Matthias Buse
17%
Szwecja13210.03.19914.03.1992Mikael Martinsson
17%
USA12124.03.198419.03.1989Mike Holland
17%
NRD--126.01.1980-Olaf Schmidt
17%
Norwegia-8328.02.198221.12.1986Olav Hansson
17%
Norwegia63314.02.198127.02.1983Ole Bremseth
17%
Norwegia--211.03.19846.01.1988Ole Christian Eidhammer
17%
Norwegia44330.12.198317.01.1990Ole Gunnar Fidjestol
17%
Austria-1-18.03.1988-Oliver Strohmaier
17%
Finlandia-1-9.03.1997-Pasi Kytosaho
17%
ZSRR--114.01.1990-Pavel Kustov
17%
Finlandia22122.12.198510.12.1988Pekka Suorsa
17%
Norwegia4562.03.19809.02.1985Per Bergerud
17%
Szwecja--123.02.1991-Per-Inge Tallberg
17%
Niemcy-1-24.03.1980-Peter Leitner
17%
ZSRR--111.01.1981-Piotr Sunin
17%
Finlandia--130.03.1991-Raimo Ylipuli
17%
Jugosławia-1-27.03.1988-Rajko Lotrić
17%
Niemcy11124.02.199116.12.1995Ralf Gebstedt
17%
NRD--120.01.1988-Remo Lederer
17%
Austria-136.01.198324.03.1985Richard Schallert
17%
Finlandia2513.12.19886.03.1991Risto Laakkonen
17%
Szwajcaria--127.02.1980-Robert Mosching
17%
Niemcy-1-19.12.1998-Ronny Hornschuh
17%
Szwecja12420.12.198710.01.1992Staffan Tallberg
17%
NRD--130.01.1983-Stefan Stannarius
17%
Norwegia1121.01.198325.01.1987Steinar Braten
17%
Francja--119.12.1992-Steve Delaup
17%
Niemcy-237.12.19867.03.1990Thomas Klauser
17%
Niemcy--130.12.1981-Thomas Prosser
17%
Norwegia1--10.20.1980-Tom Christiansen
17%
Norwegia--110.02.1980-Tom Levorstad
17%
Finlandia1-319.02.198328.02.1987Tuomo Ylipuli
17%
NRD2-119.01.198610.01.1987Ulf Findeisen
17%
ZSRR--118.01.1986-Valeriy Karetnikov
17%
Finlandia--116.12.1990-Vesa Hakala
17%
Włochy-2216.02.199011.03.1990Virginio Lunardi
17%
Czechosłowacja11-11.03.198428.02.1987Vladimir Podzimek
17%
Austria13217.12.198930.01.1993Werner Haim
17%
Japonia--123.01.1993-Yuji Ashimoto
17%

Rozkład punktacji

Percentyl według liczby udzielonych odpowiedzi

Procent ludzi z każdym wynikiem

Twoja historia wyników

Nie rozwiązałeś tego quizu od ostatniego zresetowania